<?xml version="1.0" encoding="UTF-8"?><?xml-stylesheet type="text/xsl" href="static/style.xsl"?><OAI-PMH xmlns="http://www.openarchives.org/OAI/2.0/" xmlns:xsi="http://www.w3.org/2001/XMLSchema-instance" xsi:schemaLocation="http://www.openarchives.org/OAI/2.0/ http://www.openarchives.org/OAI/2.0/OAI-PMH.xsd"><responseDate>2026-04-14T15:31:51Z</responseDate><request verb="GetRecord" identifier="oai:uvadoc.uva.es:10324/33725" metadataPrefix="marc">https://uvadoc.uva.es/oai/request</request><GetRecord><record><header><identifier>oai:uvadoc.uva.es:10324/33725</identifier><datestamp>2025-03-26T19:45:12Z</datestamp><setSpec>com_10324_28447</setSpec><setSpec>com_10324_5186</setSpec><setSpec>com_10324_29291</setSpec><setSpec>col_10324_33710</setSpec></header><metadata><record xmlns="http://www.loc.gov/MARC21/slim" xmlns:doc="http://www.lyncode.com/xoai" xmlns:xsi="http://www.w3.org/2001/XMLSchema-instance" xmlns:dcterms="http://purl.org/dc/terms/" xsi:schemaLocation="http://www.loc.gov/MARC21/slim http://www.loc.gov/standards/marcxml/schema/MARC21slim.xsd">
<leader>00925njm 22002777a 4500</leader>
<datafield tag="042" ind1=" " ind2=" ">
<subfield code="a">dc</subfield>
</datafield>
<datafield tag="720" ind1=" " ind2=" ">
<subfield code="a">Gimeno Pahissa, Laura</subfield>
<subfield code="e">author</subfield>
</datafield>
<datafield tag="260" ind1=" " ind2=" ">
<subfield code="c">2018</subfield>
</datafield>
<datafield tag="520" ind1=" " ind2=" ">
<subfield code="a">The following article offers a study and reassessment of the controversial figure of Alexander Crummell, an African American leader whose influence has been neglected by most scholars. His postbellum ideas on the advancement of black people influenced some of his contemporaries like Booker T. Washington and even later leaders such as W. E. B. DuBois. The article also offers an interpretation of two of Crummell’s most famous speeches on the future of his race, which suggest possible solutions to the tensions and problems experienced by his people after the end of the Civil War.</subfield>
</datafield>
<datafield tag="024" ind2=" " ind1="8">
<subfield code="a">ES Review. Spanish Journal of English Studies; No 39 (2018) pags. 117-133</subfield>
</datafield>
<datafield tag="024" ind2=" " ind1="8">
<subfield code="a">2531-1654</subfield>
</datafield>
<datafield tag="024" ind2=" " ind1="8">
<subfield code="a">2531-1646</subfield>
</datafield>
<datafield tag="024" ind2=" " ind1="8">
<subfield code="a">http://uvadoc.uva.es/handle/10324/33725</subfield>
</datafield>
<datafield tag="024" ind2=" " ind1="8">
<subfield code="a">10.24197/ersjes.39.2018.117-133</subfield>
</datafield>
<datafield tag="024" ind2=" " ind1="8">
<subfield code="a">117</subfield>
</datafield>
<datafield tag="024" ind2=" " ind1="8">
<subfield code="a">39</subfield>
</datafield>
<datafield tag="024" ind2=" " ind1="8">
<subfield code="a">133</subfield>
</datafield>
<datafield tag="245" ind1="0" ind2="0">
<subfield code="a">“WE NEED CHARACTER!”: Remembering Alexander Crummell’s Appeal to Postbellum African Americans</subfield>
</datafield>
</record></metadata></record></GetRecord></OAI-PMH>